Digital image processing and analysis/ (Record no. 902)
[ view plain ]
| 000 -LEADER | |
|---|---|
| fixed length control field | 00751nac a22002051u 4500 |
| 010 ## - LIBRARY OF CONGRESS CONTROL NUMBER | |
| LC control number | 91033360 |
| 020 ## - INTERNATIONAL STANDARD BOOK NUMBER | |
| International Standard Book Number | 8120316185 |
| 020 ## - INTERNATIONAL STANDARD BOOK NUMBER | |
| International Standard Book Number | 8120316185 |
| 082 00 - DEWEY DECIMAL CLASSIFICATION NUMBER | |
| Classification number | 621.367 |
| Item number | B5751 |
| 090 ## - LOCALLY ASSIGNED LC-TYPE CALL NUMBER (OCLC); LOCAL CALL NUMBER (OCLC) | |
| -- | 902 |
| -- | 902 |
| 100 ## - MAIN ENTRY--PERSONAL NAME | |
| Personal name | Bhabatosh, Chanda |
| 245 00 - TITLE STATEMENT | |
| Title | Digital image processing and analysis/ |
| Statement of responsibility, etc | Chanda Bhabatosh, Majumder Dwijesh Dutta |
| 260 ## - PUBLICATION, DISTRIBUTION, ETC. (IMPRINT) | |
| Place of publication, distribution, etc | New Delhi : |
| Name of publisher, distributor, etc | Prentice Hall of India, |
| Date of publication, distribution, etc | 2003. |
| 300 ## - PHYSICAL DESCRIPTION | |
| Extent | 365 p. : |
| Other physical details | ill. ; |
| Dimensions | 24 cm. |
| 500 ## - GENERAL NOTE | |
| General note | Includes index. |
| 650 #0 - SUBJECT ADDED ENTRY--TOPICAL TERM | |
| Topical term or geographic name as entry element | Image processing |
| General subdivision | Digital techniques. |
| 700 1# - ADDED ENTRY--PERSONAL NAME | |
| Personal name | Dutta, Majumder Dwijesh. |
| 942 ## - ADDED ENTRY ELEMENTS (KOHA) | |
| Item type | Book - Borrowing |
| Call number prefix | 621.367B5751 |
| Withdrawn status | Item status | Damaged status | Not for loan | Home library | Current library | Shelving location | Date acquired | Source of acquisition | Total Checkouts | Total Renewals | Full call number | Barcode | Date last seen | Date last borrowed | Koha item type |
|---|---|---|---|---|---|---|---|---|---|---|---|---|---|---|---|
| Central Library | Central Library | First floor | 06/08/2009 | Purchase | 5 | 8 | 621.367 BHA | 000003626 | 15/07/2025 | 25/09/2018 | Book - Borrowing |